000 00648 a2200193 4500
999 _c183369
_d183369
005 20211223153828.0
010 _aENG-130549
020 _a978-0-19012473-1
_c595.00
035 _aEN-114081
037 _bDBAD/PUB
082 _a303.60954
_b1
245 _aViolence Studies:
_bOxford India Studies In Contemporary Society/
_cEdited by Kalpana Kambiran
250 _a2020
260 _aNew Delhi
_bOxford University Press
_c2021
270 _a22 Workspace, 2nd Floor, 1/22 Asaf Ali Road
_bNew Delhi
_e110002
300 _avii,396 p.
_c21cm (pbk)
_bIndex
700 _aKannabiran, Kalpana
942 _adpl
_cEN
_2ddc
_h303.60954
_mVIO